|
|
|
|
| LEADER |
00000cam a2200000 a 4500 |
| 001 |
A2286 |
| 005 |
20240112120004.0 |
| 008 |
009111|1972 ||||||||r|||||||||||spa|| |
| 040 |
|
|
|b spa
|
| 041 |
0 |
|
|a Español
|
| 082 |
0 |
|
|a 909
|
| 100 |
1 |
|
|a Ivanoff, Pierre
|9 92443
|
| 245 |
|
|
|a Civilizaciones maya y azteca
|c Pierre Ivanoff
|h imp
|
| 264 |
|
|
|a Milán
|b Mas Ivars Editores
|c 1972
|
| 300 |
|
|
|a 191 páginas:
|b Ilustraciones (Incluye fotografias, dibujos, etc)
|c 32cm
|
| 520 |
3 |
|
|a Contiene: los munumentos en el tiempo, los libros mayas, palenque, periodo clàsico, perìodos del renacimiento, etc.
|
| 650 |
|
|
|a Mayas
|9 10373
|
| 650 |
|
|
|a Aztecas
|9 34517
|
| 650 |
|
|
|a Copan
|9 65459
|
| 650 |
|
7 |
|a Calendario maya
|9 92444
|
| 650 |
|
|
|a Arquitectura maya
|9 92445
|
| 650 |
|
|
|a Templos mayas
|9 92446
|
| 852 |
|
|
|a UC-YANUNCAY
|c ESTANTERIA ABIERTA
|f Donación
|k jhoanna.mogollon
|l 1
|m General
|p 20091119
|q 5.00
|r 2
|t A2286
|v art
|y A2286
|b 0
|d CDRY
|e CDRY
|g 909 ESTANTERIA ABIERTA
|z 2009-91-11
|
| 942 |
|
|
|c BK
|0 1
|
| 999 |
|
|
|c 56160
|d 56160
|